Normal view
MARC view
- Pham, D. T
Entry Personal Name
001 - CONTROL NUMBER
- control field: 96206
003 - CONTROL NUMBER IDENTIFIER
- control field: NUST
005 - DATE AND TIME OF LATEST TRANSACTION
- control field: 20220802100324.0
008 - FIXED-LENGTH DATA ELEMENTS
- fixed length control field: 220802|| aca||aabn | a|a d
040 ## - CATALOGING SOURCE
- Original cataloging agency: NUST
- Transcribing agency: NUST
100 ## - HEADING--PERSONAL NAME
- Personal name: Pham, D. T
670 ## - SOURCE DATA FOUND
- Source citation: Work cat.: (NUST)193818: Pham, D. T., Intelligent optimisation techniques :, cop. 2000
